Estatísticas para Os 15 principais países com mortes por Covid19 - 9 de fevereiro 2022

Clique aqui para jogar o quiz

Estatísticas Gerais

  • Esse quiz foi jogado 11 vezes
  • A pontuação média é 13 de 26

Estatísticas das Respostas

país% Correto
Brasil
100%
Estados Unidos
100%
Alemanha
90%
França
90%
Índia
90%
Rússia
90%
Argentina
80%
Itália
80%
México
70%
Reino Unido
70%
Colômbia
60%
Indonésia
60%
Eslovénia
40%
Irão
40%
Macedónia do Norte
40%
Peru
40%
Croácia
30%
Eslováquia
30%
Polônia
30%
Bósnia e Herzegovina
20%
Bulgária
20%
Chéquia
20%
Hungria
20%
Geórgia
10%
Romênia
10%
Lituânia
0%

Distribuição das Pontuações

Percentil de Números Respondidos

Porcentagem de Pessoas com Cada Pontuação

Sua Pontuação Histórica

Você não jogou esse quiz